000 00569nam a2200181 i 4500
001 bg
100 1 _aPLATO,
_d((427-347 a.C.))
245 0 _aUczta ; Eutyfron ; Obrona Sokratesa ; Kriton ; Fedon /
_cPlaton ; przeł. oraz wstępem, objaśnieniami i ilustracjami opatrzył Władysław Witwicki.
260 _aWarszawa :
_bPWN,
_c1982.
650 9 _aFilozofia
_y5-4 w p.n.e.
700 1 _aWitwicki, Władysław
_d(1878-1948).
_eTł.
700 1 _aPlaton,
040 _cBPK
041 _apol
080 _a1
942 _cKS
008 s pl f |000 0 pol
999 _c21201
_d21201
856 _uhttp://koha.tu.koszalin.pl/cgi-bin/koha/opac-detail.pl?biblionumber=21201
_yKatalog online BPK